England Rugby Most Caps - Statistics

General Stats
  • This quiz has been taken 59 times
  • The average score is 8 of 15
Answer Stats
Top 15 Caps Play Length Answer % Correct
4 112 2012-2023 Owen Farrell
83%
1 127 2010-2023 Ben Youngs
76%
11 91 1998-2011 Jonny Wilkinson
71%
12 88 Current Maro Itoje
68%
2 118 Current Dan Cole
66%
8 97 Current Jamie George
66%
5 105 2009-2023 Courtney Lawes
56%
6 101 2006-2024 Danny Care
56%
10 95 2012-2024 Joe Marler
56%
3 114 1990-2003 Jason Leonard
54%
15 84 1993-2003 Martin Johnson
54%
7 98 Current George Ford
46%
9 97 2008-2018 Dylan Hartley
32%
13 85 1995-2007 Lawrence Dallaglio
32%
14 85 1984-1996 Rory Underwood
20%
No matching quizzes found
Score Distribution
Percent of People with Each Score
Percentile by Number Answered
Your Score History
You have not taken this quiz